| 000 | 00665nam a22001577a 4500 | ||
|---|---|---|---|
| 003 | OSt | ||
| 005 | 20150908163524.0 | ||
| 008 | 150908b xxu||||| |||| 00| 0 eng d | ||
| 040 | _cRUA | ||
| 082 | _aAGR បិុច 1993 B007 Or.1 | ||
| 100 |
_9171 _aបិុច សីថន |
||
| 245 | _aសិក្សាការផលិតពូជស្រូវទំនើបពីប្រភេទ IR -66; IR-72 របស់កសិករនៅភូមិតាស្អាង ខេត្តស្វាយរៀងនារដូវប្រា់ងឆ្នាំ ១៩៩៣ | ||
| 260 |
_aPhnom Penh _bRUA _c1993 |
||
| 300 |
_a98p. _bill. _c29cm. |
||
| 942 |
_2ddc _cAGR |
||
| 999 |
_c152 _d152 |
||